Регионална библиотека "Любен Каравелов" - Русе

Българската дъга на исляма (Запис номер 149797)

MARC детайли
000 -Лидер
Контролно поле с фиксирана дължина 01820nam a2200457 c 4500
003 - Код на организацията, давaща контролен номер
Контролно поле BLK
005 - Дата и час на последна редакция
Контролно поле 20231122171404.0
008 - Елементи от данни с фиксирана дължина
fixed length control field 180410b bul|||||r ||||||| ||bul||
010 ## - Наследен системен номер
LC control number KNG00156102000
020 ## - Международен стандартен номер на книга ISBN
Международен стандартен номер на книга ISBN 978-954-378-084-6
040 ## - Източник на каталожния запис
Идентификатор на билиотеката - собственик на записа BLK
041 ## - Код за език
Код за езика на текст/звукозапис или на отделно заглавие Български
Код за езика КДБФ Български
072 #7 - Код за тематичната категория
Код организация bullib
Код за тематична категория Н32
Текст Политика Н
080 ## - УДК
Текстов определител УДК Национални малцинства. Оптанти
УДК код - определител по УДК 323.15
УДК определител (497.2)(091)
УДК - код + определител 323.15(497.2)(091)
080 ## - УДК
Текстов определител УДК Ислям. Мохамеданство. Сунити. Шиити. Вж и 141.33 Суфизъм ; 298 Бахайска вяра
УДК код - определител по УДК 297
УДК определител (497.2)(091)
УДК - код + определител 297(497.2)(091)
100 1# - Редна дума - Автор
Автор Кулов, Георги
Авторска отговорност първи автор
R(LIN) 330669
139 ## - Редно поле
Редна дума Кулов, Георги
Авторски знак Ку - К 93
245 10 - Сведения за заглавието
Заглавие Българската дъга на исляма
Редно поле (дума) Георги Кулов.
257 ## - Страна на издаване
Страна на създаване/издаване България
260 ## - Област на издателските данни
Име на издателя, разпространителя и проч. Тангра ТанНакРа
Година на издаване 2011
Печатница Костинброд : Мултипринт
300 ## - Физическа характеристика
Страници 223 с.
Илюстрации и др. с ил., портр.
Размери/Мащаб 23 см
380 ## - Жанр
Жанр Обществени науки
490 1# - СЕРИИ (Колекции)
Име на серия Поредица Дружба Родина
№: серия 3
500 ## - Общи забележки
Забележка Библиогр. с. 220-221.
650 #4 - Допълнително описание по предмет – тема
Основно описание – тема или топоним Българомохамедани - история
9 (RLIN) 272405
650 #4 - Допълнително описание по предмет – тема
Основно описание – тема или топоним Ислям - България - история
9 (RLIN) 283932
650 #4 - Допълнително описание по предмет – тема
Основно описание – тема или топоним Морал, религиозен
9 (RLIN) 242678
651 #4 - Допълнително описание по предмет - топоним
Географско понятие България
9 (RLIN) 241624
653 ## - Ключова дума – ненормативна
Ключова дума етнически общности
653 ## - Ключова дума – ненормативна
Ключова дума българомохамедани
653 ## - Ключова дума – ненормативна
Ключова дума ислям
653 ## - Ключова дума – ненормативна
Ключова дума толерантност
659 ## - Тематичен бюлетин
Тематичен бюлетин Н
852 ## - Местоположение
Форматна сигнатура Цб 263159
856 4# - Електронен адрес и достъп
Електронен формат pdf - файл
856 4# - Електронен адрес и достъп
Електронен формат pdf - файл
999 ## - СИСТЕМНИ КОНТРОЛНИ НОМЕРА
Koha biblionumber 149797
Koha biblioitemnumber 149797
942 ## - АРТИКУЛИ
Вид на библиотечния материал Книги
Скрит в OPAC Не
Koha issues (borrowed), all copies 2
944 ## - СЪЗДАВАНЕ И РЕДАКЦИЯ на ЗАПИСА
Създаване/Редакция Създаване
Дата на регистрацията/редакция 28.01.2014
Статус, дата на статуса Минев Младен
Служител, извършил регистрацията/редакцията 30530
944 ## - СЪЗДАВАНЕ И РЕДАКЦИЯ на ЗАПИСА
Създаване/Редакция Редакция
Дата на регистрацията/редакция 14.02.2017
Статус, дата на статуса ф /
Служител, извършил регистрацията/редакцията Виолета_Тройчева
999 ## - СИСТЕМНИ КОНТРОЛНИ НОМЕРА
Koha biblioitemnumber 149797
Наличности
Код за отписване Код за изгубен артикул Код за повреда Коз за рестрикции Код за отдаване Артикулен № Име на библиотеката - собственик Име на библиотеката, в която се намира в момента Статус (Текущо местоположение) Дата на вписване в системата Местоположение - отдел Цена в лева Инвентарен номер Систематично азбучна сигнатура Баркод Номер на екземпляра Цена в евро Служебна бележка Служебен тип на артикула Източник на класификационната схема
  Не е изгубен Не е повреден без рестрикции ползва се в читалня 250221 Регионална библиотека "Любен Каравелов" Русе Регионална библиотека "Любен Каравелов" Русе Хранилище 2014-01-29 Хранилище 9.00 120000773924 Цб 263159 120000773924 1 4.60 Дост: Dp Вид: Д N: 4 Дата: 28.01.2013 Книги  
  Не е изгубен Не е повреден без рестрикции заемане за дома 686435 Регионална библиотека "Любен Каравелов" Русе Регионална библиотека "Любен Каравелов" Русе Заемна - подръчен фонд 2018-12-12 Заемна - подръчен фонд 9.00 120000828205 П 323/К 93 120000828205   4.60   Книги Universal Decimal Classification
  Не е изгубен Не е повреден без рестрикции заемане за дома 686436 Регионална библиотека "Любен Каравелов" Русе Регионална библиотека "Любен Каравелов" Русе Заемна - подръчен фонд 2018-12-12 Заемна - подръчен фонд 9.00 120000828206 П 323/К 93 120000828206   4.60   Книги Universal Decimal Classification
Vip Innovations Ltd, Rousse, Bulgaria 2025